000 06388cam a22009614i 4500
003 PE-LiUPU
005 20250731173527.0
008 150616s1974 ag a r 000 0 spa d
020 _a9789875674707
035 _a(Sirsi) a8574
040 _aPE-LiUPU
_bspa
_cPE-LiUPU
_erda
049 _aPRUA
050 _aBX6146
_b.V53
082 0 4 _aW286.7325
_bVJ 2011
_221
100 1 _aWhite, Elena G. de,
_eautor.
245 1 0 _aVida de Jesús /
_cElena G. de White.
264 1 _aBuenos Aires :
_bAsociación Casa Editora Sudamericana,
_c1974.
264 1 _aBuenos Aires :
_bAsociación Casa Editora Sudamericana,
_c2001.
300 _a251 páginas :
_bilustraciones ;
_c23 centímetros.
300 _a144 pagínas :
_bilustraciones ;
_c28 cemtímetros.
336 _atext
_2rdacontent
337 _aunmediated
_2rdamedia
338 _avolume
_2rdacarrier
500 _aOtras ed.: 1961, 1970, 1976, 2001, 2011.
505 0 _aCristo viene al mundo -- Jesús al lado de las personas -- La pasión de Cristo -- Jesús trae esperanza.
505 0 _ala vida de Jesús.
526 _aSEG42
526 _aSEG41
526 _aSEG40
526 _aSEG39
526 _aP94
526 _aP87
526 _aP86
526 _aP85
526 _aP77
526 _aP76
526 _aP35
600 1 _aJesucristo
650 0 4 _aCristología.
910 _ajck
_bjvq
_cjck
910 _atqv
_d20160927
942 _2ddc
_cBOOK
949 _aBX6146 .VJ 1970
_wDEWEY
_c1
_iCW10496
_lCCODEBUL1
_mBUL
_p16.00
_r0
_sY
_tBOOK
_u19920304
_xBIBLIOTECA
_zUNKNOWN
_0COMPRA
_o.STAFF. Colección Teología
949 _a286.7325 VJ
_wDEWEY
_c2
_i14527
_lCCODEBUL1
_mBUL
_p16.00
_r0
_sY
_tBOOK
_u19920304
_xBIBLIOTECA
_zUNKNOWN
_0COMPRA
_o.STAFF. Colección Teología
949 _a286.7325 VJ
_wDEWEY
_c3
_i14528
_lCCODEBUL1
_mBUL
_p16.00
_r0
_sY
_tBOOK
_u19920304
_xBIBLIOTECA
_zUNKNOWN
_0COMPRA
_o.STAFF. Colección Teología
949 _a286.7325 VJ
_wDEWEY
_c4
_i15955
_lCCODEBUL1
_mBUL
_p16.00
_r0
_sY
_tBOOK
_u19920304
_xBIBLIOTECA
_zUNKNOWN
_0COMPRA
_o.STAFF. Colección Teología
949 _a286.7325 VJ
_wDEWEY
_c5
_i18526
_lCCODEBUL1
_mBUL
_p16.00
_r0
_sY
_tBOOK
_u19920304
_xBIBLIOTECA
_zUNKNOWN
_0COMPRA
_o.STAFF. Colección Teología
949 _aBX6146 .VJ 1970
_wDEWEY
_c6
_iCW20315
_lCCODEBUL1
_mBUL
_p16.00
_r0
_sY
_tBOOK
_u19920304
_xBIBLIOTECA
_zUNKNOWN
_0COMPRA
_o.STAFF. Colección Teología
949 _a286.7325 VJ
_wDEWEY
_c7
_i30296
_lCCODEBUL1
_mBUL
_p16.00
_r0
_sY
_tBOOK
_u19920304
_xBIBLIOTECA
_zUNKNOWN
_0COMPRA
_o.STAFF. Colección Teología
949 _a286.7325 VJ
_wDEWEY
_c8
_i04455
_lCCODEBUL1
_mBUL
_p16.00
_r0
_sY
_tBOOK
_u19920304
_xBIBLIOTECA
_zUNKNOWN
_0COMPRA
_o.STAFF. Colección Teología
949 _a286.7325 VJ
_wDEWEY
_c9
_i05897
_lCCODEBUL1
_mBUL
_p16.00
_r0
_sY
_tBOOK
_u19920304
_xBIBLIOTECA
_zUNKNOWN
_0COMPRA
_o.STAFF. Colección Teología
949 _aW286.7325 VJ 2011
_wDEWEY
_c1
_iFJ02270
_lCCODEBUJ1
_mBUJ
_p16.00
_r0
_sY
_tBOOK
_u2016-09-27
_xFACIHED
_zEDPRIMARIA
_0COMPRA
_o.STAFF. Colección General Juliaca
949 _aW286.7325 VJ 2011
_wDEWEY
_c2
_iFJ09654
_lCCODEBUJ1
_mBUJ
_p16.00
_r0
_sY
_tBOOK
_u2017-12-14
_xFACIHED
_zEDPRIMARIA
_0COMPRA
_o.STAFF. Colección General Juliaca
949 _a286.7325 VJ
_wLC
_c11
_i67178
_lCIW
_mBUL
_p81.00
_r1
_sY
_tBOOK
_u2017-01-20
_xWHITE
_zUNKNOWN
_0COMPRA
_o.STAFF. Centro White
949 _aBX6146 .VJ 1970
_wLC
_c12
_iCW00139
_lCIW
_mBUL
_p81.00
_r1
_sY
_tBOOK
_u2017-01-20
_xWHITE
_zUNKNOWN
_0COMPRA
_o.STAFF. Centro White
994 _aC0
_bPEPRU
596 _a1 3 4
999 _a286.7325 VJ
_wDEWEY
_c59938
_i14527
_f2019-12-11
_g4
_lDISCARD
_mBUL
_r1
_sY
_tBOOK
_u2015-6-16
_xTEOLOGIA
_zUNKNOWN
_0COMPRA
_o.STAFF. Colección General
_d59938
999 _a286.7325 VJ
_wDEWEY
_c3
_i14528
_d2017-5-22
_e2017-5-22
_f2021-11-12
_g5
_lCCODEBUL1
_mBUL
_n3
_p32.00
_r0
_sY
_tBOOK
_u2015-6-16
_xTEOLOGIA
_zUNKNOWN
_0COMPRA
_o.STAFF. Colección Teología
999 _a286.7325 VJ
_wDEWEY
_c4
_i15955
_d2016-6-1
_e2016-5-31
_f2019-12-11
_g4
_lDISCARD
_mBUL
_n1
_p16.00
_r1
_sY
_tBOOK
_u2015-6-16
_xTEOLOGIA
_PP35
_0COMPRA
_o.STAFF. Colección Teología
999 _a286.7325 VJ
_wDEWEY
_c5
_i18526
_d2017-10-1
_e2017-9-28
_f2021-11-11
_g4
_lCCODEBUL1
_mBUL
_n2
_r0
_sY
_tBOOK
_u2015-6-16
_xTEOLOGIA
_zUNKNOWN
_0COMPRA
_o.STAFF. Colección General
999 _a286.7325 VJ
_wDEWEY
_c7
_i30296
_f2019-12-11
_g4
_lCCODEBUL1
_mBUL
_r1
_sY
_tBOOK
_u2015-6-16
_xTEOLOGIA
_zUNKNOWN
_0COMPRA
_o.STAFF. Colección General
999 _a286.7325 VJ
_wDEWEY
_c8
_i04455
_d2019-4-4
_e2019-3-31
_f2021-11-12
_g5
_lCCODEBUL1
_mBUL
_n2
_r0
_sY
_tBOOK
_u2015-6-16
_xTEOLOGIA
_zUNKNOWN
_0COMPRA
_o.STAFF. Colección General
999 _aW286.7325 VJ 2011
_wDEWEY
_c1
_iFJ02270
_d2019-4-16
_e2019-4-9
_f2022-2-2
_g4
_lCCODEBUJ1
_mBUJ
_n3
_p16.00
_q2
_r0
_sY
_tBOOK
_u2016-9-27
_xBIBLIOTECA
_zUNKNOWN
_0COMPRA
_o.STAFF. Colección General Juliaca
999 _aW286.7325 VJ 2011
_wDEWEY
_c2
_iFJ09654
_d2019-4-8
_e2019-4-5
_f2022-2-2
_g4
_lCCODEBUJ1
_mBUJ
_n1
_p16.00
_q1
_r0
_sY
_tBOOK
_u2017-12-14
_xBIBLIOTECA
_zUNKNOWN
_0COMPRA
_o.STAFF. Colección General Juliaca
999 _aW 11 .C42 P6 2001
_wDEWEY
_c1
_iCW00139
_lCCODECWL1
_mBUL
_r0
_sY
_tBOOK
_u2017-2-7
_xWHITE
_zUNKNOWN
_0COMPRA
_o.STAFF. Centro White
999 _a286.7325 VJ 1961
_wDEWEY
_c3
_iCW05897
_f2021-12-22
_g2
_lCCODECWL1
_mBWL
_p50.00
_r1
_sY
_tBOOK
_u2015-6-16
_xWHITE
_zUNKNOWN
_0COMPRA
_o.STAFF. Centro White
999 _a286.7325 VJ 1976
_wDEWEY
_c1
_iCW20315
_f2021-12-22
_g2
_lRCG
_mBWL
_p50.00
_r1
_sY
_tBOOK
_u2018-1-14
_xWHITE
_zUNKNOWN
_0COMPRA
_o.STAFF. Centro White
999 _a286.7325 VJ 1976
_wDEWEY
_c2
_iCW67178
_f2021-12-22
_g2
_lCCODECWL1
_mBWL
_p50.00
_r1
_sY
_tBOOK
_u2018-1-14
_xWHITE
_zUNKNOWN
_0COMPRA
_o.STAFF. Centro White
999 _a286.7325 VJ 1970
_wDEWEY
_c1
_iCW10496
_f2021-12-22
_g2
_lRCG
_mBWL
_p20.00
_r1
_sY
_tBOOK
_u2018-1-14
_xWHITE
_zUNKNOWN
_0COMPRA
_o.STAFF. Centro White
999 _a286.7325 VJ 2014
_wDEWEY
_c1
_iCW00440
_f2021-12-21
_g2
_lCCODECWL1
_mBWL
_p50.00
_r0
_sY
_tBOOK
_u2018-3-5
_xWHITE
_zUNKNOWN
_0COMPRA
_o.STAFF. Centro White
980 _81
_gALBERTO SANCHEZ Responsable de Automatización